| 000 | 01945cam a22003495i 4500 | ||
|---|---|---|---|
| 999 |
_c17337 _d17309 |
||
| 001 | 012966346 | ||
| 003 | EG-ScBUE | ||
| 005 | 20191202132745.0 | ||
| 008 | 040305t20042004enkab f b 001 0 eng d | ||
| 020 | _a0754624366 | ||
| 020 | _a9780754624363 | ||
| 040 |
_aEG-ScBUE _beng _erda _cEG-ScBUE _dEG-ScBUE _dEG-ScBUE |
||
| 082 | 0 | 4 |
_a341.26 _bALL _222 |
| 100 | 1 |
_aAllain, Jean, _d1965- _eauthor. _932759 |
|
| 245 | 1 | 0 |
_aInternational law in the Middle East : _bcloser to power than justice / _cJean Allain, Queen's University, Belfast. |
| 264 | 1 |
_aHants, England ; _aBurlington, Vermont : _bAshgate Publishing Limited, _c[2004] |
|
| 264 | 4 | _cc2004 | |
| 300 |
_axxii, 353 pages : _billustratios, maps ; _c24 cm |
||
| 336 |
_atext _btxt _2rdacontent |
||
| 337 |
_aunmediated _bn _2rdamedia |
||
| 338 |
_avolume _bnc _2rdacarrier |
||
| 504 | _aIncludes bibliographical references and index. | ||
| 505 | 0 | _aBeyond positivism : denial of Kurdish self-determination -- Imperial attitude toward the Suez Canal -- Disregard for international law in the evolution towards the formation of the state of Israel -- Lack of enforcement of international law and the abandonment of Palestinian refugees -- Selective enforcement of international law : the Security Council and its varied responses to a decade of aggression (1980-90) -- Punitive in extremis : United Nations' Iraqi sanctions -- Internalizing the requirements of international law : perpetual states of emergency in Egypt and Syria -- A stream apart : peaceful settlements in the Middle East. | |
| 610 | 7 |
_aUnited Nations _zMiddle East. _2BUEsh _932760 |
|
| 650 | 7 |
_aInternational law _zMiddle East. _2BUEsh _932761 |
|
| 650 | 7 |
_aKurds _xLegal status, laws, etc. _2BUEsh _932762 |
|
| 650 | 7 |
_aSelf-determination, National. _2BUEsh _932763 |
|
| 651 | 7 |
_aMiddle East _xInternational status. _2BUEsh _932764 |
|
| 653 |
_bMASPPSS _cFebruary2013 _cNovember2019 |
||
| 655 | _vReading book | ||
| 942 |
_2ddc _cBB |
||